[Event "Buenos Aires 110 Years Argentino CC"]
[Site "Buenos Aires"]
[Date "2015.04.20"]
[Round "4.9"]
[White "Suarez, Jose Luis"]
[Black "Bourgeois, William"]
[Result "1-0"]
[WhiteElo "2066"]
[BlackElo "1877"]
[PlyCount "122"]
[EventDate "2015.04.09"]
[EventType "swiss"]
[EventRounds "9"]
[EventCountry "ARG"]
[SourceTitle "EXT 2024"]
[Source "ChessBase"]
[SourceDate "2023.10.10"]
[SourceVersion "1"]
[SourceVersionDate "2023.10.10"]
[SourceQuality "1"]

1. d4 Nf6 2. Nc3 c5 3. d5 e6 4. e4 exd5 5. exd5 d6 6. Nf3 Be7 7. Be2 0-0 8. h3 a6 9. a4 Nbd7 10. Bf4 Re8 11. 0-0 Nf8 12. Re1 Ng6 13. Bh2 Rb8 14. Qd2 Bd7 15. a5 Bf8 16. b3 Qc7 17. Bd3 Rxe1+ 18. Qxe1 Re8 19. Qd1 h6 20. Nd2 Ne7 21. Qf3 Kh8 22. Bg3 Neg8 23. Nc4 Bb5 24. Nb6 Bxd3 25. Qxd3 Qe7 26. Nc4 Qd8 27. Kf1 Qd7 28. Re1 Rxe1+ 29. Kxe1 h5 30. Bf4 g6 31. Qg3 Qe8+ 32. Qe3 Qd7 33. Kf1 Kh7 34. Qg3 Nh6 35. Qg5 Qf5 36. Qxf5 Nxf5 37. g4 hxg4 38. hxg4 Nxg4 39. Ne4 Nd4 40. Bxd6 Bxd6 41. Ncxd6 f5 42. Nxc5 Nxc2 43. Ndxb7 Kg7 44. d6 Ne5 45. d7 Nxd7 46. Nxd7 Nd4 47. Nbc5 Kf7 48. b4 Ke7 49. Ne5 Kd6 50. Ned3 Kc6 51. Nxa6 g5 52. Nac5 f4 53. a6 Kb6 54. Ne5 Nb5 55. Ke2 Kc7 56. Kf3 Kd6 57. Nf7+ Kd5 58. Kg4 Kc4 59. Nd6+ Nxd6 60. a7 Kxb4 61. Nd3+ Kc4 1-0

[Event "Paraguay Gran Prix U2300 08"]
[Site "Paraguay"]
[Date "2013.08.07"]
[Round "1.5"]
[White "Paz, Mario"]
[Black "Suarez, Jose Luis"]
[Result "0-1"]
[WhiteElo "1734"]
[BlackElo "2035"]
[PlyCount "76"]
[EventDate "2013.08.07"]
[EventType "swiss"]
[EventRounds "9"]
[EventCountry "ARG"]
[SourceTitle "EXT 2024"]
[Source "ChessBase"]
[SourceDate "2023.10.10"]
[SourceVersion "1"]
[SourceVersionDate "2023.10.10"]
[SourceQuality "1"]

1. d4 d5 2. Nf3 c5 3. dxc5 e6 4. e3 Bxc5 5. Be2 Nc6 6. 0-0 Nf6 7. Nbd2 0-0 8. Nb3 Bd6 9. c4 dxc4 10. Bxc4 e5 11. Be2 Qe7 12. Bd2 Bf5 13. Nh4 Be6 14. Nf3 Rfd8 15. Ng5 Bf5 16. Bc4 Bg6 17. Qe1 h6 18. Nf3 Be4 19. Be2 Rac8 20. Bc3 Nd5 21. Nbd2 Bg6 22. Nc4 Bb8 23. Rd1 Bc2 24. Rd2 Be4 25. Qc1 b5 26. a3 bxc4 27. Bxc4 Nxc3 28. Rxd8+ Nxd8 29. Qxc3 Rc6 30. Nd2 Bd5 31. e4 Bxc4 32. Nxc4 Bc7 33. b3 Ne6 34. Qd3 Nf4 35. Qf3 Bb6 36. Nxb6 axb6 37. Qd1 Rc1 38. Qd2 Qg5 0-1

[Event "Buenos Aires op CAA"]
[Site "Buenos Aires"]
[Date "2010.05.12"]
[Round "2"]
[White "Suarez, Jose Luis"]
[Black "Medina, Gustavo"]
[Result "1/2-1/2"]
[WhiteElo "2158"]
[BlackElo "2030"]
[PlyCount "112"]
[EventDate "2010.05.06"]
[EventType "swiss"]
[EventRounds "9"]
[EventCountry "ARG"]
[SourceTitle "EXT 2024"]
[Source "ChessBase"]
[SourceDate "2023.10.10"]
[SourceVersion "1"]
[SourceVersionDate "2023.10.10"]
[SourceQuality "1"]

1. d4 d5 2. Nf3 Nf6 3. e3 e6 4. Bd3 Bd6 5. Nbd2 0-0 6. 0-0 Nbd7 7. e4 dxe4 8. Nxe4 Nxe4 9. Bxe4 f5 10. Bd3 e5 11. Bc4+ Kh8 12. dxe5 Nxe5 13. Nxe5 Bxe5 14. Qxd8 Rxd8 15. Re1 Bf6 16. c3 g5 17. f4 h6 18. Be3 b5 19. Be2 Bb7 20. Bxb5 Be4 21. Ba4 Rab8 22. Bb3 a5 23. Re2 Rb7 24. Rd1 Rdb8 25. fxg5 hxg5 26. Bd4 Kg7 27. Bxf6+ Kxf6 28. Rdd2 Rb6 29. Bc4 a4 30. b3 Rc6 31. Kf2 g4 32. Rd4 Rh8 33. Kg1 axb3 34. axb3 Ra8 35. Rd1 Rh8 36. Ra2 Kg5 37. g3 Bf3 38. Rdd2 Rc5 39. Ra1 Re5 40. Bf1 Rhe8 41. b4 Re3 42. c4 Re1 43. Rxe1 Rxe1 44. Kf2 Rc1 45. b5 Bd1 46. Rb2 Rc3 47. Ke1 Bf3 48. Kf2 Kf6 49. b6 cxb6 50. Rxb6+ Ke5 51. Rb5+ Ke4 52. Rb2 Bd1 53. Bg2+ Bf3 54. Bxf3+ Rxf3+ 55. Kg2 Rc3 56. Re2+ Kd4 1/2-1/2